Gobierno municipal y participación ciudadana: el papel de las organizaciones populares /

sin resumen

Đã lưu trong:
Chi tiết về thư mục
Tác giả chính: Villamar Contreras, Marco Antonio
Định dạng: Texto
Các nhãn: Thêm thẻ
Không có thẻ, Là người đầu tiên thẻ bản ghi này!

MARC

LEADER 00000 a a2200000 04500
001 2890
003
040
100 |a Villamar Contreras, Marco Antonio  
245 |a Gobierno municipal y participación ciudadana: el papel de las organizaciones populares /  |c Marco Antonio Villamar Contreras 
520 |a sin resumen  
773 |g volumen 14, número 2; páginas 143-153  
999 |c 39875  |d 39875 
773 0 |0 19477  |9 5082  |a Instituto Tecnológico de Santo Domingo, INTEC (República Dominicana)  |d Santo Domingo, República Dominicana: Instituto Tecnológico de Santo Domingo, 1975-  |o MFN: 1932  |t Ciencia y Sociedad /  |x 03787680